Statistiques concernant pays revendiquant des parties du territoire Français

Cliquez ici pour prendre le quiz!

Statistiques générales

  • Ce quiz a été pris 150 fois
    (109 depuis la dernière actualisation)
  • Le résultat moyen est 7 sur 9

Statistiques - réponses

continentterritoire contestépays qui revendique ce(s) territoire(s)% Correct
Afriqueiles Juan de Nova;
ile Europa;
Iles Glorieuses;
Bassas da India;
Madagascar
88%
AfriqueMayotteComores
86%
EuropaCol du Géant + autres litiges
sur la délimitation de la frontière
Italie
83%
Amérique Du NordIle VerteCanada
82%
Amérique Du NordSaint Martin (litige
frontalier et maritime)
Pays-Bas
81%
Amérique du SudTriangle d'Alitani-MarwiniSuriname
71%
AfriqueTromelinMaurice
65%
OcéanieIle Hunter
Ile matthew
Ile Walpole
Vanuatu
61%
Amérique du nordSaint-Barthélemy (litige maritime)Antigua Et Barbuda
47%

Distribution des résultats

Percentile par nombre de réponses

% des personnes avec chaque résultat

Votre développement - résultats

Vous n’avez pas pris ce quiz depuis la dernière actualisation